| 000 | 00892nam a22003137a 4500 | ||
|---|---|---|---|
| 001 | BR9211003 | ||
| 003 | BR-BrBNA | ||
| 005 | 20230928093741.0 | ||
| 007 | ta | ||
| 008 | 230509b bl.||||| |||| 00| 0 por d | ||
| 040 |
_aBR-BrBNA _bpor _cBiblioteca Nacional de Agricultura |
||
| 041 | _a(Por) | ||
| 072 |
_aF01 _b1122 _b/G514 |
||
| 090 | _ 1122 BR9211003 | ||
| 100 | 1 | _aCouto, F.A. d'A. | |
| 110 | 1 |
_aCompanhia de Desenvolvimento do Vale do Sao Francisco, Brasilia, DF (Brasil) _92357 |
|
| 245 | 1 |
_aCultivo do mamoeiro _bFruticultura no Vale do Sao Francisco; no. l |
|
| 260 | 3 |
_aBrasilia, DF (Brasil): _c1990. |
|
| 300 | _a9 p. | ||
| 650 | _aMamao | ||
| 650 | _aPratica Cultural | ||
| 650 | _aColheita | ||
| 650 | _aVariedade | ||
| 650 | _aCusto de Producao | ||
| 650 | _aVale do Sao Francisco | ||
| 650 | _aPratico | ||
| 909 |
_a202309 _bLucia _c55 _dLucia Elande |
||
| 942 | _cBK | ||
| 999 |
_c46872 _d46872 |
||